Schulz pod kluczem

Titel: Schulz pod kluczem / Wiesław Budzyński
Verfasser:
Ausgabe: 1. wyd.
Veröffentlicht: Warszawa : Bertelsmann, 2001
Umfang: 336 S. : Ill.
Format: Buch
Sprache: Polnisch
RVK-Notation:
Schlagworte:
ISBN: 8372275939
Buchumschlag
X
Lokale Klassifikation: 2 S 863 ; 32 9 F
alg: 10127797
001A    $00030:07-11-01 
001B    $01999:18-10-24 $t18:56:31.000 
001C    $00030:20-05-15 $t17:42:57.000 
001D    $00030:17-12-01 
001U    $0utf8 
001X    $00 
002@    $0Aay 
003@    $0101277970 
003O    $0470310198 $aOCoLC 
004A    $083-7227-593-9 
007A    $0101277970 $aHEB 
007T    $0Herdhh101277970 
010@    $apol 
011@    $a2001 
013H    $0z 
021A    $aSchulz pod kluczem $hWiesław Budzyński 
028A    $D20231015 $Ecgwrk $71089382472 $8Budzyński, Wiesław$Z1948- [Tp3] $9374589828 
032@    $a1. wyd. 
033A    $pWarszawa $nBertelsmann 
034D    $a336 S. 
034M    $aIll. 
044K    $#Schulz, Bruno $#Shults, Bruno $#Šulʹc, Bruno $#Šulc, Bruno $#Šûlṣ, Brûnô $#บรูโน ชูลซ์ $7118762427 $8Schulz, Bruno$Z1892-1942 [Tp1] $9087103109 
045F    $a709.438 $eDDC23BSB 
045F/01 $a709 
045F/03 $g438 
045Z    $8NY 9000 [Tkv] $9410953628 
046M    $aLiteraturangaben 

lok: 10127797 3
101B    $028-03-07 $t10:06:41.000 
101C    $014-02-02 
101U    $0utf8 
144Z/20 $aj02feb 
145S/06 $a770 
145Z/01 $a900 Ad 0100 Schulz, B. 
145Z/02 $a900 Na 0063 Schulz, B. 

exp: 10127797 3 1 #EPN
201B/01 $028-03-07 $t10:06:41.000 
201C/01 $007-11-01 
201U/01 $0utf8 
203@/01 $0164842942 
208@/01 $a07-11-01 $bzAa 
209A/01 $a87.205.06 $du $f000 $h87 205 06 $x00 
209G/01 $a87205061 $x00 
247C/01 $8601000-3 <30>Frankfurt, Universitätsbibliothek J. C. Senckenberg, Zentralbibliothek (ZB) $9102598258 

lok: 10127797 24
101B    $003-12-02 $t16:11:28.398 
101C    $003-12-02 
145Z/01 $a2 S 863 
145Z/02 $a32 9 F 
101U    $0utf8 

exp: 10127797 24 1 #EPN
201B/01 $003-12-02 $t16:11:28.452 
201C/01 $003-12-02 
203@/01 $0178484628 
208@/01 $a03-12-02 $bz 
209A/01 $a02.4985 $du $f050 $h02 4985 $x00 
209C/01 $a02.4985 K $h02 4985 K 
209G/01 $a70537486 $x00 
247C/01 $8358050-7 Marburg, Bibliothek des Herder-Instituts Marburg $9102600961 
201U/01 $0utf8 

lok: 10127797 25

exp: 10127797 25 1 #EPN
201B/01 $005-08-25 $t11:50:11.000 
201C/01 $023-05-02 
201U/01 $0utf8 
203@/01 $0171155939 
208@/01 $a16-01-04 $br 
209A/01 $aMoSc 2/10 $dd $f075 $x00 
209C/01 $a20630/01 
209G/01 $a70951868 $x00 
209G/01 $aSlavistik $x01 
247C/01 $8651075-9 <77/075>Mainz, Universität Mainz, Bereichsbibliothek Philosophicum, Standort Slavistik $9102600244 

lok: 10127797 66

exp: 10127797 66 1 #EPN
201B/01 $001-11-09 $t16:42:57.000 
201U/01 $0utf8 
203@/01 $0583024149 
208@/01 $a15-10-09 $br 
209A/01 $aD 3 Sch/B $du $f000 $x00 
209C/01 $a01/L1353IZ 
247C/01 $8618123-5 Darmstadt, Bibliothek des Deutschen Polen-Instituts $9102600902 

lok: 10127797 78

exp: 10127797 78 1 #EPN
201B/01 $019-04-17 $t18:55:37.000 
201U/01 $0utf8 
203@/01 $0794227104 
208@/01 $a12-11-16 $be 
209A/01 $a/ $f000 $x00 
237A/01 $aweiterführende Signatur(en): Herder-Institut: 02.4985 
244Z/01 $2Trx $#Poola $#Lenkija $#Polija $#Polen Land $#Poland $#Lengyelország $#Poľsko $#Polsko $8--Trx--Polska$gkraj $x01 $9391345966 
244Z/01 $aSchulz, Bruno  $x02 
244Z/01 $2Trx $8--Trx--Monographie $x03 $9391384546 
245Z/01 $a11.10 $x01 
247C/01 $82080>Marburg/Lahn, Herder-Institut, Forschungsbibliothek, Bibliographieportal $9336309341
LEADER 00000cam a22000002c 4500
001 101277970
003 DE-603
005 20241018185631.0
007 tu
008 011107s2001 xx |||| | u00||u|pol c
020 |a 8372275939 
035 |a (DE-599)HEB101277970 
035 |a (OCoLC)470310198 
040 |a DE-603  |b ger  |c DE-603  |d DE-603 
041 |a pol 
082 0 4 |8 1\u  |a 709.438  |q DE-101  |2 23/BSB 
084 |a NY 9000  |0 (DE-625)132375:  |0 (DE-603)410953628  |2 rvk 
085 |8 1\u  |b 709 
085 |8 1\u  |z 2  |s 438 
100 1 |a Budzyński, Wiesław  |d 1948-  |0 (DE-603)374589828  |0 (DE-588)1089382472  |2 gnd 
245 0 0 |a Schulz pod kluczem  |c Wiesław Budzyński 
250 |a 1. wyd. 
264 1 |a Warszawa  |b Bertelsmann  |c 2001 
300 |a 336 S.  |b Ill. 
504 |a Literaturangaben 
600 1 7 |a Schulz, Bruno  |d 1892-1942  |0 (DE-588)118762427  |0 (DE-603)087103109  |2 gnd 
924 0 |9 30  |a (DE-603)164842942  |b DE-30  |c HES  |d c  |g 87.205.06 
924 0 |9 Mb 50  |a (DE-603)178484628  |b DE-Mb50  |c HES  |d c  |g 02.4985 
924 0 |9 77/075  |a (DE-603)171155939  |b DE-77-075  |c HES  |d d  |g MoSc 2/10 
924 0 |9 Ds 123  |a (DE-603)583024149  |b DE-Ds123  |c HES  |d d  |g D 3 Sch/B 
924 0 |9 2080  |a (DE-603)794227104  |b DE-2080  |c HES  |d d  |g /